نهاية التاريخ (Record no. 12407)
[ view plain ]
| 000 -LEADER | |
|---|---|
| fixed length control field | 00733nam a22001577a 4500 |
| 008 - FIXED-LENGTH DATA ELEMENTS--GENERAL INFORMATION | |
| fixed length control field | 090726t xxu||||| |||| 00| 0 eng d |
| 082 ## - DEWEY DECIMAL CLASSIFICATION NUMBER | |
| Edition number | 22 |
| Classification number | 320.5 |
| Item number | ف و ك |
| 100 1# - MAIN ENTRY--PERSONAL NAME | |
| 9 (RLIN) | 8113 |
| Personal name | فوكوياما ، فرانسيس |
| 245 10 - TITLE STATEMENT | |
| Title | نهاية التاريخ |
| Statement of responsibility, etc | فرانسيس فوكوياما |
| 260 ## - PUBLICATION, DISTRIBUTION, ETC. (IMPRINT) | |
| Place of publication, distribution, etc | بيروت: |
| Name of publisher, distributor, etc | دار العلوم العربية للطباعة والنشر، |
| Date of publication, distribution, etc | 200- |
| 300 ## - PHYSICAL DESCRIPTION | |
| Extent | 280ص ؛ |
| Dimensions | 24 سم |
| 650 ## - SUBJECT ADDED ENTRY--TOPICAL TERM | |
| 9 (RLIN) | 8115 |
| Topical term or geographic name as entry element | توازن القوى |
| 700 ## - ADDED ENTRY--PERSONAL NAME | |
| 9 (RLIN) | 8116 |
| Personal name | ترجمة وتعليق الشيخ ، حسين |
| 942 ## - ADDED ENTRY ELEMENTS (KOHA) | |
| Source of classification or shelving scheme | Dewey Decimal Classification |
| Item type | Book - Borrowing |
| Withdrawn status | Item status | Source of classification or shelving scheme | Damaged status | Not for loan | Vendor | Home library | Current library | Shelving location | Date acquired | Source of acquisition | Cost, normal purchase price | Serial Enumeration / chronology | Total Checkouts | Total Renewals | Full call number | Barcode | Date last seen | Date last borrowed | Koha item type |
|---|---|---|---|---|---|---|---|---|---|---|---|---|---|---|---|---|---|---|---|
| Dewey Decimal Classification | Central Library | Central Library | First floor | 26/07/2009 | 35.00 | 2358 | 1 | 29 | 320.5 فوك | 000017617 | 15/07/2025 | 16/02/2014 | Book - Borrowing |